Signos del tiempo : (Record no. 53820)

MARC details
000 -LEADER
campo de control de longitud fija 01527nam a2200253 i 4500
001 - NÚMERO DE CONTROL
campo de control 53820
003 - IDENTIFICADOR DE NÚMERO DE CONTROL
campo de control ES-MaACL
005 - FECHA Y HORA DE LA ÚLTIMA TRANSACCIÓN
campo de control 20250806030116.0
007 - CAMPO FIJO DE DESCRIPCIÓN FÍSICA--INFORMACIÓN GENERAL
campo de control de longitud fija t|
008 - DATOS DE LONGITUD FIJA--INFORMACIÓN GENERAL
campo de control de longitud fija 960710s1887 sp |||| | spa d
040 ## - FUENTE DE CATALOGACIÓN
Centro/agencia transcriptor ES-MaACL
100 1# - ENTRADA PRINCIPAL--NOMBRE DE PERSONA
Nombre de persona Fernández Martín, Manuel,
Fechas asociadas al nombre 1864-1902
Término indicativo de función/relación Autor
9 (RLIN) 49899
245 10 - MENCIÓN DEL TÍTULO
Título Signos del tiempo :
Resto del título Congreso Literario-Artístico-Internacional de 1887 /
Mención de responsabilidad, etc. Manuel Fernández Martín
260 ## - PUBLICACIÓN, DISTRIBUCIÓN, ETC.
Lugar de publicación, distribución, etc. Madrid :
Nombre del editor, distribuidor, etc. [s.n.],
Fecha de publicación, distribución, etc. 1887
Fabricante (Imp. de los Hijos de J.A. García)
300 ## - DESCRIPCIÓN FÍSICA
Extensión 110 páginas ;
Dimensiones 21 cm.
505 8# - NOTA DE CONTENIDO CON FORMATO
Nota de contenido con formato Orígenes y plagios ; La Sociedad o Asociación de Escritores y Artistas ; Puntos de enlace ; Llegada y recibimiento. El aviso de "Le Gaulois". Apéndice primero: Artículo de la Sra. Pardo Bazán [Digresión con pretexto del Congreso Literario]. Apéndice segundo: La Mére de Carmen. Apéndice tercero: Estadística y vicisitudes del personal que concurrió a la sesión inaugural del Congreso Artístico Internacional, y a las expediciones y banquetes que en obsequio de los congresistas extranjeros se dieron por la Sociedad o Asociación de Escritores y Artistas, Diputación Provincial y Ayuntamiento de Madrid
610 24 - PUNTO DE ACCESO ADICIONAL DE MATERIA--NOMBRE DE ENTIDAD CORPORATIVA
Nombre de entidad corporativa o nombre de jurisdicción como elemento de entrada Asociación de Escritores y Artistas Españoles
9 (RLIN) 1585
611 24 - PUNTO DE ACCESO ADICIONAL DE MATERIA--NOMBRE DE REUNIÓN/CONGRESO
Nombre de congreso/reunión o jurisdicción como elemento de entrada Congreso Literario Artístico Internacional
Sede del congreso/Lugar de la reunión (Madrid.
Fecha del congreso o de la firma del tratado 1887)
9 (RLIN) 494
700 1# - ENTRADA AGREGADA--NOMBRE PERSONAL
Nombre de persona Pardo Bazán, Emilia,
Títulos y otros términos asociados al nombre Condesa de,
Fechas asociadas al nombre 1851-1921
Término indicativo de función/relación Autor
9 (RLIN) 176434
852 ## - LOCALIZACIÓN
Ubicación ES-MaACL
Número de control de estantería T-467-F-11
Ubicación en estantería Depósito folletos
942 ## - ELEMENTOS DE ENTRADA SECUNDARIOS (KOHA)
Tipo de ítem Koha Folleto
Suprimir en OPAC No
Holdings
Estatus retirado Estado de pérdida Estado de daño No para préstamo Colección Biblioteca de origen Biblioteca actual Ubicación en estantería Fecha de adquisición Fuente de adquisición Total de préstamos Signatura topográfica completa Código de barras Visto por última vez Precio de reemplazo Tipo de ítem Koha
        Colección de folletos Biblioteca del Ateneo de Madrid Biblioteca del Ateneo de Madrid Depósito folletos 17/01/2008     T-467-F-11 1056561 23/02/2023 23/02/2023 Folleto